00449nam a2200157Ia 4500003000400000008004100004040001600045082001600061100001700077245007600094260006300170300001000233650001000243650001400253650002400267GCL140319s9999 xx 000 0 eng d aGCL / cGCL04a780.92bJ G1 aJORA, MIHAIL10aGEORGE ENESCU: ON THE 80th ANNIVERSARY OF HIS BIRTHDAY / cJORA, MIHAIL a[S.N] : bTHE NATIONAL COMMISION OF THE ROMANIAN ، c1961 a105 P04aMUSIC04aCOMPOSERS04aGEORGE, ENESCU 1881